| 000 | 00494nam a2200205Ia 4500 | ||
|---|---|---|---|
| 003 | OSt | ||
| 005 | 20230525190308.0 | ||
| 008 | 210423s2002 xx 000 0 und d | ||
| 040 | _cAL | ||
| 041 | _aeng | ||
| 082 |
_a380 _223 _bSHER |
||
| 100 |
_aSHETH (Jagdish N);PARVATIYAR (Atul). _9114567 |
||
| 245 | _aRelationship marketing. | ||
| 250 | _a1 | ||
| 260 |
_bResponse Books _c2002 |
||
| 300 | _avi,32 | ||
| 365 |
_b795 _cINR |
||
| 906 | _amarketing. ; Relationship | ||
| 942 |
_2ddc _cBK |
||
| 999 |
_c173310 _d173310 |
||